00829 2200265 4500001002100000005001700021008004100038020002200079035002500101040001200126082002000138090002200158100002600180245014600206260004000352300003500392500001100427650001700438700001600455700002600471850001200497990001800509990001800527990001800545INLIS00000000000402620150915130238.0  a978-979-709-740-0 a0010-041500000001092 aYOPDYOG 223a641.3598951 b641.3598951 Bro P aBROMOKUSUMO, Aji Chen aPeranakan Tionghoa dalam kuliner nusantarab: Plus resep-resep khas peranakanc/ Aji "Chen" Bromokusumo, Novie Chen dan Ennita "Peony" Wibowo aJakartabPenerbit Buku Kompasc2013 axxvi, 190 hlm.bIlusc22.6 cm. aIndeks aMasakan Cina aCHEN, Novie aENITTA 'Peony' Wibowo aYOPDYOG a19379-PD/B.15 a19380-PD/B.15 a19381-PD/B.15